000
00309nam a22001217a 4500
008
160518b xxu||||| |||| 00| 0 eng d
020
_a
9781416059967
020
_a
9781416059967
041
_a
eng
080
_a
61
245
_a
Evidence based practice of anesthesology:
_c
Lee A. Fleisher MD ;
942
_2
udc
_c
BK
999
_c
2185
_d
2185